| 000 | 00717nam a22002890a 4500 | ||
|---|---|---|---|
| 001 | PT49151 | ||
| 003 | AR-LpoUNG | ||
| 005 | 20210131231240.0 | ||
| 008 | 191001s2008||||ag |||||||||||||||||spa d | ||
| 020 |
_a9789505151127 _c$ |
||
| 040 |
_aAR-LpoUNG _bspa _cAR-LpoUNG _eaacr |
||
| 041 | _aspa | ||
| 044 | _aag | ||
| 082 | 0 | _aA863 223kil | |
| 100 | 1 | _aWalsh, Rodolfo | |
| 245 | 1 | 3 | _aUn kilo de oro |
| 250 | _a5ta. ed. | ||
| 260 |
_aBuenos Aires : _bde la Flor, _cabril 2008. |
||
| 300 |
_a111 p. : _bil., fot. |
||
| 650 | 4 | _aARGENTINA | |
| 650 | 4 | _aCUENTOS | |
| 650 | 4 | _aLITERATURA | |
| 651 | 4 | _aDOCUMENTOS TEORICOS O METODOLOGICOS | |
| 653 | _aLITERATURA ARGENTINA | ||
| 905 | _a49151 | ||
| 942 | _cLIB | ||
| 999 |
_c8920 _d8920 |
||